Ventanas en la ciudad: observaciones sobre las urbes contemporáneas

Zapisane w:
Opis bibliograficzny
Główni autorzy: Vivas i Elias, Pep (Autor), Mora Martínez, Martin (Autor), Vidal i Moranta, Tomeu (Autor), Rojas Arredoindo, Jesús (Autor), López Catalán, Oscar (Autor), Valera i Pertegás, Sergi (Autor), Pol i Urrutia, Enric (Autor), García López, Noel (Autor)
Format: Książka
Język:hiszpański
Wydane: Barcelona UOC 2005
Wydanie:1a. ed
Hasła przedmiotowe:
Etykiety: Dodaj etykietę
Nie ma etykietki, Dołącz pierwszą etykiete!

MARC

LEADER 00000nam a2200000 a 4500
001 UCH2108
003 CL-VaPUC
008 090528e20050000SP |||||||||||||||||spa|d
020 |a 8497883136 
082 0 4 |a 155.9  |b VIV  |2 21 
100 0 |a Vivas i Elias, Pep  |e author  |9 536768 
700 0 |a Mora Martínez, Martin  |e author  |9 536769 
700 0 |a Vidal i Moranta, Tomeu  |e author  |9 536770 
700 0 |a Rojas Arredoindo, Jesús  |e author  |9 536771 
700 0 |a López Catalán, Oscar  |e author  |9 536772 
700 0 |a Valera i Pertegás, Sergi  |e author  |9 536773 
700 0 |a Pol i Urrutia, Enric  |e author  |9 536774 
700 0 |a García López, Noel  |e author  |9 536775 
245 1 0 |a Ventanas en la ciudad: observaciones sobre las urbes contemporáneas 
250 |a 1a. ed 
300 |a 379 p 
942 |c BK 
945 |d 20090528 00:00:00  |a rbrito 
260 |a Barcelona  |b UOC  |c 2005 
650 0 |a Psicología social   |9 222894 
650 0 |a Medio ambiente  |9 257625 
583 |a last modification  |c 20130101 08:45:38  |k Rodrigo Vera 
999 |c 333932  |d 333930 
952 |0 0  |1 0  |4 0  |6 155_900000000000000_VIV_2005  |7 0  |8 A  |9 422605  |a BIBEDU  |b BIBEDU  |d 2019-11-22  |i 4552407  |o 155.9 VIV 2005  |p 4552407  |r 2019-11-22  |w 2019-11-22  |y BK  |k PSI